[Event "ODJM B 2014"]
[Site "Magdeburg GER"]
[Date "2014.06.08"]
[Round "1"]
[White "Henning, Marvin"]
[Black "Wu, Erik"]
[Result "1-0"]
[Termination "normal"]
[Board "1"]
[WhiteElo "1569"]
[BlackElo "1187"]
[WhiteClock "01:04:56"]
[BlackClock "00:56:37"]
[PlyCount "65"]
[WhiteFideId "12957399"]
[BlackFideId "12977489"]
[EventCountry "GER"]
[EventRounds "9"]
[EventType "swiss"]
[EventDate "2014.06.07"]

1. e4 e5 2. Nf3 Nc6 3. Bb5 a6 4. Ba4 d6 5. d4 b5 6. Bb3 Nxd4 7. Nxd4 exd4 8.
Bd5 Rb8 9. Qxd4 c5 10. Qd1 Nf6 11. O-O Be7 12. Nd2 O-O 13. Re1 Be6 14. c4 bxc4
15. Nxc4 Nxd5 16. exd5 Bc8 17. Bd2 Bb7 18. Ba5 Qd7 19. Re2 Qb5 20. b3 Bf6 21.
Rb1 Bd4 22. Bc7 Ra8 23. Bxd6 Rfd8 24. a4 Qd7 25. Re7 Qf5 26. Rxb7 Qxd5 27. Qf3
Rxd6 28. Nxd6 Qxd6 29. Qxf7+ Kh8 30. Re7 Bf6 31. Re8+ Rxe8 32. Qxe8+ Qf8 33.
Qxf8# 1-0

[Event "ODJM B 2014"]
[Site "Magdeburg GER"]
[Date "2014.06.08"]
[Round "1"]
[White "Kostanyan, Hakob"]
[Black "Glaser, Maximilian"]
[Result "0-1"]
[Termination "normal"]
[Board "2"]
[WhiteElo "1178"]
[BlackElo "1397"]
[WhiteClock "00:36:39"]
[BlackClock "01:14:56"]
[PlyCount "110"]
[WhiteFideId "12977683"]
[BlackFideId "12956961"]
[EventCountry "GER"]
[EventRounds "9"]
[EventType "swiss"]
[EventDate "2014.06.07"]

1. e4 e6 2. d4 c5 3. Nf3 cxd4 4. Nxd4 Nc6 5. Nc3 Bb4 6. Be3 Nf6 7. f3 d5 8.
Nxc6 bxc6 9. Qd3 O-O 10. O-O-O Qa5 11. g4 Bxc3 12. Qxc3 Qxc3 13. bxc3 dxe4 14.
fxe4 Nxe4 15. Bd4 e5 16. Re1 exd4 17. Rxe4 dxc3 18. Rc4 Be6 19. Ra4 Rfe8 20.
Bg2 Bd5 21. Bxd5 cxd5 22. Rd1 g6 23. Ra3 Re4 24. Rxc3 Rxg4 25. Rxd5 Rg1+ 26.
Kb2 Rb8+ 27. Ka3 Kg7 28. Rc7 a6 29. Rdd7 Rf1 30. c3 Rf5 31. Ka4 Rb2 32. Ka3
Rxh2 33. Ra7 Rh3 34. Kb4 a5+ 35. Kb3 h5 36. Rac7 h4 37. Ka4 Rg3 38. c4 h3 39.
Rd1 h2 40. Rh1 Rf2 41. Rd7 Rg1 42. Rd1 Rxh1 43. Rxh1 Rxa2+ 44. Kb3 Rf2 45. c5
Kf6 46. Ka4 Rf5 47. Kb5 Rf2 48. c6 Ke7 49. Rd1 Rd2 50. Re1+ Kd6 51. Rc1 Rc2 52.
Rd1+ Kc7 53. Rd7+ Kc8 54. Rd1 g5 55. Kxa5 Rb2 0-1

[Event "ODJM B 2014"]
[Site "Magdeburg GER"]
[Date "2014.06.08"]
[Round "1"]
[White "Tamrazyan, Gohar"]
[Black "Lilienthal, Niels Bennett"]
[Result "0-1"]
[Termination "normal"]
[Board "3"]
[WhiteElo "1483"]
[BlackElo "1167"]
[WhiteClock "00:36:26"]
[BlackClock "00:28:45"]
[PlyCount "206"]
[WhiteFideId "1330799"]
[BlackFideId "16205421"]
[EventCountry "GER"]
[EventRounds "9"]
[EventType "swiss"]
[EventDate "2014.06.07"]

1. d4 Nf6 2. c4 g6 3. Nc3 Bg7 4. e4 d6 5. Bd3 Nbd7 6. Nf3 a5 7. O-O O-O 8. Re1
e5 9. d5 b6 10. a3 h6 11. h3 Nh7 12. Be3 f5 13. exf5 gxf5 14. Bc2 f4 15. Qd3
Ndf6 16. Bd2 Bh8 17. Qg6+ Bg7 18. h4 Bd7 19. g3 fxg3 20. fxg3 Be8 21. Qd3 Kh8
22. g4 Rg8 23. Kh2 Nxg4+ 24. Kg1 Ngf6 25. Kf2 Bf8 26. Rg1 Qd7 27. Nh2 Qf7 28.
Ke2 Qh5+ 29. Nf3 Bd7 30. Rxg8+ Kxg8 31. Rg1+ Kh8 32. Kd1 Re8 33. Qg6 Qxf3+ 34.
Kc1 Qh5 35. Qg3 Re7 36. Nb5 Rg7 37. Bg6 Qe2 38. Qb3 Bf5 39. Re1 Qg4 40. Bxf5
Qxf5 41. Bxh6 Rg8 42. Bd2 Qg4 43. Nxc7 Qxh4 44. Qxb6 Qxc4+ 45. Kd1 Nxd5 46.
Nxd5 Qxd5 47. Qxa5 Qd4 48. Qb4 Qg4+ 49. Qxg4 Rxg4 50. b4 Nf6 51. Ke2 d5 52. Ra1
Rc4 53. b5 Bc5 54. Kf3 Kg7 55. a4 e4+ 56. Ke2 Kf7 57. a5 Rc2 58. Rb1 Nd7 59. b6
Ra2 60. Rb5 e3 61. b7 exd2 62. b8=Q Nxb8 63. Rxc5 d4 64. Rd5 Nc6 65. a6 Ke6 66.
Rc5 Kd6 67. Rg5 Rxa6 68. Kxd2 Ne5 69. Rh5 Kd5 70. Kc2 Ra3 71. Kd2 Ra2+ 72. Kc1
d3 73. Rh4 d2+ 74. Kd1 Nf3 75. Rh8 Ra1+ 76. Ke2 d1=Q+ 77. Kf2 Qd3 78. Rd8+ Ke4
79. Rxd3 Kxd3 80. Kxf3 Re1 81. Kf4 Kd4 82. Kf5 Kd5 83. Kf4 Re8 84. Kf3 Kd4 85.
Kf2 Kd3 86. Kf1 Kd2 87. Kf2 Rf8+ 88. Kg3 Ke2 89. Kg4 Ke3 90. Kg5 Rf1 91. Kg4
Ke4 92. Kg5 Rf2 93. Kg6 Ke5 94. Kg7 Ke6 95. Kg8 Ke7 96. Kg7 Rg2+ 97. Kh6 Kf6
98. Kh5 Kf5 99. Kh4 Rg8 100. Kh3 Kf4 101. Kh2 Kf3 102. Kh1 Kf2 103. Kh2 Rh8#
0-1

[Event "ODJM B 2014"]
[Site "Magdeburg GER"]
[Date "2014.06.08"]
[Round "1"]
[White "Yi, Wendy"]
[Black "Silber, Kevin"]
[Result "0-1"]
[Termination "normal"]
[Board "4"]
[WhiteElo "1159"]
[BlackElo "1522"]
[WhiteClock "00:23:02"]
[BlackClock "00:28:33"]
[PlyCount "78"]
[WhiteFideId "16224850"]
[BlackFideId "12930440"]
[EventCountry "GER"]
[EventRounds "9"]
[EventType "swiss"]
[EventDate "2014.06.07"]

1. e4 c6 2. Nf3 d5 3. exd5 cxd5 4. d4 Nc6 5. Nc3 Bg4 6. Bb5 Nf6 7. Qd3 a6 8.
Bxc6+ bxc6 9. Ne5 Qc7 10. Bg5 Bh5 11. Bf4 Qb7 12. Rb1 Bg6 13. Qe2 e6 14. a3 Ne4
15. O-O Be7 16. Nxg6 hxg6 17. Nxe4 dxe4 18. Qxe4 g5 19. Be5 Rh4 20. Qe3 Bf6 21.
Rfd1 Ke7 22. c4 Rd8 23. f4 gxf4 24. Bxf4 Qa7 25. c5 Ke8 26. Be5 Bxe5 27. Qxe5
Rg4 28. h3 Rd5 29. Qe3 Rg6 30. Rf1 Rdg5 31. g4 f5 32. Rf4 fxg4 33. Rxg4 Rxg4+
34. hxg4 Rxg4+ 35. Kh1 Qf7 36. Qh3 Qf5 37. Kh2 Qc2+ 38. Kh1 Qxb1+ 39. Kh2 Qg1#
0-1

[Event "ODJM B 2014"]
[Site "Magdeburg GER"]
[Date "2014.06.08"]
[Round "1"]
[White "Thumm, Niklas"]
[Black "Matuschak, Henry"]
[Result "1/2-1/2"]
[Termination "normal"]
[Board "5"]
[WhiteElo "1521"]
[BlackElo "1153"]
[WhiteClock "00:57:35"]
[BlackClock "01:25:54"]
[PlyCount "41"]
[WhiteFideId "12918733"]
[EventCountry "GER"]
[EventRounds "9"]
[EventType "swiss"]
[EventDate "2014.06.07"]

1. e4 e5 2. Nf3 Nc6 3. Bc4 Nf6 4. Ng5 d5 5. exd5 Na5 6. Bb5+ Bd7 7. Bxd7+ Qxd7
8. Nc3 Nxd5 9. Nxd5 Qxd5 10. O-O f6 11. Nh3 O-O-O 12. d3 Nc6 13. Be3 Bc5 14.
Qe2 Nd4 15. Qd2 Bb6 16. Rfd1 Ba5 17. c3 Nf3+ 18. gxf3 Qxf3 19. b4 Qg4+ 20. Kh1
Qf3+ 21. Kg1 1/2-1/2

[Event "ODJM B 2014"]
[Site "Magdeburg GER"]
[Date "2014.06.08"]
[Round "1"]
[White "Jäger, Gustav"]
[Black "Bajorski, Marius"]
[Result "1/2-1/2"]
[Termination "normal"]
[Board "6"]
[WhiteElo "1152"]
[BlackElo "1807"]
[WhiteClock "00:22:47"]
[BlackClock "00:39:22"]
[PlyCount "71"]
[WhiteFideId "12957364"]
[BlackFideId "12938831"]
[EventCountry "GER"]
[EventRounds "9"]
[EventType "swiss"]
[EventDate "2014.06.07"]

1. e4 e5 2. Nf3 Nc6 3. Bc4 Nf6 4. d3 Bc5 5. Be3 Bxe3 6. fxe3 d5 7. exd5 Nxd5 8.
Qd2 O-O 9. Nc3 Nf6 10. O-O-O Re8 11. e4 Na5 12. Qe2 Nxc4 13. dxc4 Qe7 14. Rhg1
Bd7 15. g4 Bxg4 16. Qg2 Qf8 17. h3 Bh5 18. Rdf1 Bg6 19. Nb5 Re7 20. Nh4 Bxe4
21. Qg5 Bg6 22. Nf5 Rd7 23. Nh6+ gxh6 24. Qxf6 Qg7 25. Qf3 c6 26. Nc3 Kh8 27.
h4 h5 28. Ne4 Qh6+ 29. Kb1 Qf4 30. Qxf4 exf4 31. Rxf4 Bxe4 32. Rxe4 Rad8 33.
Kc1 Rg8 34. Rge1 Kg7 35. Rg1+ Kf8 36. Rge1 1/2-1/2

[Event "ODJM B 2014"]
[Site "Magdeburg GER"]
[Date "2014.06.08"]
[Round "1"]
[White "Biermann, Florian"]
[Black "Groskurt, Benjamin"]
[Result "1-0"]
[Termination "normal"]
[Board "7"]
[WhiteElo "1725"]
[BlackElo "1141"]
[PlyCount "57"]
[WhiteFideId "12970069"]
[EventCountry "GER"]
[EventRounds "9"]
[EventType "swiss"]
[EventDate "2014.06.07"]

1. g3 e5 2. Bg2 Bc5 3. c4 Nf6 4. Nc3 Nc6 5. d3 h6 6. Nf3 d6 7. O-O O-O 8. e3 d5
9. cxd5 Nxd5 10. Nxd5 Qxd5 11. d4 exd4 12. Nxd4 Qd6 13. Nxc6 bxc6 14. Qxd6 cxd6
15. Bxc6 Ba6 16. Bxa8 Bxf1 17. Kxf1 Rxa8 18. a3 d5 19. b4 Bd6 20. Bb2 Rc8 21.
Rc1 Rxc1+ 22. Bxc1 Kh7 23. b5 g5 24. a4 Bc7 25. Bb2 Kg6 26. Bd4 Bb8 27. a5 f5
28. Bxa7 Bxa7 29. b6 1-0

[Event "ODJM B 2014"]
[Site "Magdeburg GER"]
[Date "2014.06.08"]
[Round "1"]
[White "Höglauer, Jenny"]
[Black "Schmidt, Alexandra"]
[Result "0-1"]
[Termination "normal"]
[Board "8"]
[WhiteElo "1141"]
[BlackElo "1518"]
[PlyCount "100"]
[WhiteFideId "12982598"]
[BlackFideId "12946036"]
[EventCountry "GER"]
[EventRounds "9"]
[EventType "swiss"]
[EventDate "2014.06.07"]

1. e4 d5 2. exd5 Qxd5 3. Nc3 Qa5 4. d3 c6 5. Nf3 Nf6 6. g3 Bg4 7. Bg2 e6 8. O-O
Bd6 9. Qd2 O-O 10. Ne4 Qxd2 11. Nfxd2 Nxe4 12. Nxe4 Bc7 13. Bd2 Nd7 14. Bb4
Rfd8 15. f4 a5 16. Bc3 e5 17. fxe5 Nxe5 18. Rae1 Re8 19. Ng5 h6 20. Bxe5 Bxe5
21. Nxf7 Bxb2 22. Rb1 Bd4+ 23. Kh1 Be2 24. Rf4 Be3 25. Rf5 g6 26. Re5 Kxf7 27.
Rxb7+ Kf8 28. Rxe8+ Rxe8 29. Bxc6 Rc8 30. Be4 Rxc2 31. Rb8+ Kg7 32. Rb7+ Kf6
33. d4 Rc1+ 34. Kg2 Rg1+ 35. Kh3 Bf1+ 36. Kg4 Be2+ 37. Kh3 Bf1+ 38. Kg4 Bxd4
39. Rc7 h5+ 40. Kf3 g5 41. Rc6+ Ke5 42. Rg6 g4+ 43. Rxg4 hxg4+ 44. Kxg4 Kxe4
45. h4 Bf2 46. Kg5 Rxg3+ 47. Kh6 Be3+ 48. Kh7 Kf3 49. h5 Bd3+ 50. Kh8 Bd4# 0-1

[Event "ODJM B 2014"]
[Site "Magdeburg GER"]
[Date "2014.06.08"]
[Round "1"]
[White "Meyer, Nico"]
[Black "Hoffmann, Simon"]
[Result "1-0"]
[Termination "normal"]
[Board "9"]
[WhiteElo "1486"]
[BlackElo "1126"]
[PlyCount "61"]
[WhiteFideId "12975257"]
[BlackFideId "12979686"]
[EventCountry "GER"]
[EventRounds "9"]
[EventType "swiss"]
[EventDate "2014.06.07"]

1. e4 e5 2. Nf3 Nc6 3. Bb5 Bc5 4. Nc3 d6 5. O-O Bg4 6. h3 Bh5 7. d3 h6 8. Be3
Bb6 9. Nd5 Nf6 10. Nb4 Qd7 11. c3 O-O 12. d4 exd4 13. cxd4 Ba5 14. Nd5 Nxe4 15.
b4 a6 16. Bd3 Qf5 17. Nf4 Bxb4 18. g4 Bxg4 19. hxg4 Qxg4+ 20. Kh1 d5 21. Qe2
Nc3 22. Rg1 Qxg1+ 23. Rxg1 Nxe2 24. Nxe2 g6 25. Bxh6 Rfe8 26. Nf4 Rad8 27. Nxg6
fxg6 28. Rxg6+ Kf7 29. Ng5+ Ke7 30. Rg7+ Kf6 31. Rf7# 1-0

[Event "ODJM B 2014"]
[Site "Magdeburg GER"]
[Date "2014.06.08"]
[Round "1"]
[White "Kung, Fanny"]
[Black "Hoang, Viet Long"]
[Result "0-1"]
[Termination "normal"]
[Board "10"]
[WhiteElo "1118"]
[BlackElo "1459"]
[PlyCount "48"]
[WhiteFideId "12987689"]
[BlackFideId "12964824"]
[EventCountry "GER"]
[EventRounds "9"]
[EventType "swiss"]
[EventDate "2014.06.07"]

1. e4 e5 2. Nf3 Nc6 3. Bc4 Bc5 4. b4 Bxb4 5. c3 Ba5 6. d4 exd4 7. O-O dxc3 8.
Qd5 Qe7 9. Ba3 Qe6 10. Re1 Qxd5 11. exd5+ Nce7 12. Re2 d6 13. Bb5+ Bd7 14. Bd3
Nf6 15. Bc1 h6 16. Na3 Nfxd5 17. Nc4 Bb5 18. Nxa5 Bxd3 19. Re1 b6 20. Nd4 bxa5
21. Nf3 O-O 22. Be3 Nc6 23. h3 Ncb4 24. a3 Nc2 0-1

[Event "ODJM B 2014"]
[Site "Magdeburg GER"]
[Date "2014.06.08"]
[Round "1"]
[White "Reyher, Susan"]
[Black "Katholy, Joshua"]
[Result "1-0"]
[Termination "normal"]
[Board "13"]
[WhiteElo "1436"]
[BlackElo "1104"]
[PlyCount "93"]
[WhiteFideId "24686107"]
[BlackFideId "12990647"]
[EventCountry "GER"]
[EventRounds "9"]
[EventType "swiss"]
[EventDate "2014.06.07"]

1. e4 e5 2. Bc4 Nf6 3. d3 Nc6 4. Nc3 Bc5 5. Bg5 h6 6. Be3 Bxe3 7. fxe3 d6 8.
Nf3 Qe7 9. O-O Be6 10. Bb5 Bd7 11. Qd2 O-O-O 12. a4 Nb4 13. Bxd7+ Qxd7 14. Ne2
Qc6 15. Qxb4 Qxc2 16. Qd2 Qxd2 17. Nxd2 d5 18. Rad1 Rhe8 19. exd5 Nxd5 20. Nc4
Re7 21. Nc3 Nb4 22. d4 e4 23. Rf4 Rde8 24. Nd2 Nc2 25. Rxe4 Rxe4 26. Ndxe4 Nxe3
27. Re1 Nf5 28. d5 Kd7 29. Nc5+ Kd8 30. Nxb7+ Kd7 31. Nc5+ Kd8 32. Rxe8+ Kxe8
33. Nb5 Kd8 34. Nxa7 Ne3 35. Nc6+ Kc8 36. Nb4 Nc4 37. b3 Na5 38. Nc6 Nb7 39.
Nxb7 Kxb7 40. Nd8+ Kc8 41. Nxf7 Kd7 42. a5 Kc8 43. b4 Kb7 44. b5 h5 45. a6+ Kb6
46. h4 g6 47. Kf2 1-0

[Event "ODJM B 2014"]
[Site "Magdeburg GER"]
[Date "2014.06.08"]
[Round "1"]
[White "Müdder, Melanie"]
[Black "Hofele, Mathis"]
[Result "0-1"]
[Termination "normal"]
[Board "14"]
[WhiteElo "1098"]
[BlackElo "1520"]
[PlyCount "102"]
[WhiteFideId "12994103"]
[BlackFideId "12963844"]
[EventCountry "GER"]
[EventRounds "9"]
[EventType "swiss"]
[EventDate "2014.06.07"]

1. e4 e5 2. Nf3 Nc6 3. Bc4 Bc5 4. b4 Bxb4 5. c3 Ba5 6. d4 exd4 7. O-O d6 8. Qb3
Qe7 9. Ba3 Qf6 10. cxd4 Bb6 11. e5 dxe5 12. dxe5 Qg6 13. Re1 Be6 14. Nc3 Bxc4
15. Qxc4 Qe6 16. Qd3 h6 17. Rad1 Nge7 18. Qd7+ Qxd7 19. Rxd7 Kxd7 20. Rd1+ Ke8
21. h3 Rd8 22. Re1 Rd3 23. Bb2 Ba5 24. Rc1 Bxc3 25. Bxc3 Nd5 26. Bb2 Nf4 27.
Re1 Nxh3+ 28. gxh3 Rxf3 29. h4 Rd3 30. e6 f6 31. a4 Ke7 32. Bc1 Nd4 33. Kg2 Rd8
34. Bf4 Rc3 35. Rd1 Nxe6 36. Re1 Kf7 37. Bg3 Ra3 38. Re4 Rd4 39. Rxd4 Nxd4 40.
Bxc7 Rxa4 41. h5 b5 42. Bf4 b4 43. Be3 b3 44. Bc1 Ra2 45. Kf1 Ra1 46. Ke1 Rxc1+
47. Kd2 b2 48. Kd3 b1=Q+ 49. Kxd4 Qb4+ 50. Kd5 Qc4+ 51. Kd6 Qc6# 0-1

[Event "ODJM B 2014"]
[Site "Magdeburg GER"]
[Date "2014.06.08"]
[Round "1"]
[White "Lange, Cecilia"]
[Black "Scherping, Stephan"]
[Result "1-0"]
[Termination "normal"]
[Board "15"]
[WhiteElo "1553"]
[BlackElo "1094"]
[PlyCount "137"]
[WhiteFideId "12976040"]
[EventCountry "GER"]
[EventRounds "9"]
[EventType "swiss"]
[EventDate "2014.06.07"]

1. e4 e5 2. Nf3 Nc6 3. Bc4 Bc5 4. d3 d6 5. c3 Nge7 6. O-O Bg4 7. Nbd2 d5 8.
exd5 Nxd5 9. Ne4 Bb6 10. h3 Bh5 11. Re1 f6 12. d4 Qd7 13. Ng3 Bg6 14. dxe5
O-O-O 15. Bxd5 Qxd5 16. Qxd5 Rxd5 17. exf6 gxf6 18. Be3 Bxe3 19. Rxe3 Rhd8 20.
Rae1 Na5 21. Re7 Nc4 22. b3 Na5 23. Rg7 Nc6 24. h4 b6 25. Re6 R5d6 26. Rxd6
Rxd6 27. Rg8+ Kd7 28. Rg7+ Kc8 29. h5 Bb1 30. b4 Bxa2 31. Rxh7 Bb1 32. Rf7 Nd8
33. Re7 Nc6 34. Re1 Bh7 35. Kh2 Rd7 36. Re6 Ne7 37. Rxf6 Nd5 38. Rf8+ Kb7 39.
Ne2 Re7 40. Ng5 Bc2 41. Nd4 Bb1 42. Rf3 c5 43. bxc5 bxc5 44. Nde6 a5 45. Nxc5+
Kb6 46. Nge6 Bc2 47. c4 Nc7 48. Rc3 Bd1 49. Nxc7 Kxc5 50. Nd5 Rf7 51. Ra3 Bxh5
52. Rxa5+ Kxc4 53. Ne3+ Kd3 54. Rxh5 Rxf2 55. Rh3 Ke4 56. Ng4 Re2 57. Re3+ Rxe3
58. Nxe3 Kxe3 59. Kg3 Ke4 60. Kg4 Ke5 61. Kg5 Ke6 62. Kg6 Ke7 63. g4 Ke6 64. g5
Ke7 65. Kh7 Kf7 66. g6+ Ke6 67. g7 Kd5 68. g8=Q+ Kd4 69. Qg5 1-0

[Event "ODJM B 2014"]
[Site "Magdeburg GER"]
[Date "2014.06.08"]
[Round "1"]
[White "Maar, Patricia"]
[Black "Eggert, Daniela"]
[Result "1-0"]
[Termination "normal"]
[Board "16"]
[WhiteElo "1093"]
[BlackElo "1405"]
[PlyCount "67"]
[WhiteFideId "12952630"]
[BlackFideId "12991490"]
[EventCountry "GER"]
[EventRounds "9"]
[EventType "swiss"]
[EventDate "2014.06.07"]

1. c4 e5 2. Nc3 Nf6 3. g3 c6 4. e3 d5 5. b3 a6 6. Bg2 b5 7. cxb5 axb5 8. d4 e4
9. Nge2 Bg4 10. O-O Bb4 11. Bd2 Bxc3 12. Bxc3 Qd7 13. Re1 Bh3 14. Bh1 Ng4 15.
Nf4 Qf5 16. Nxh3 Nxe3 17. Rxe3 Qxh3 18. f3 f5 19. Qe2 O-O 20. fxe4 fxe4 21. Bg2
Qe6 22. Rf1 Rxf1+ 23. Bxf1 Qh6 24. Bb4 Nd7 25. Rc3 Qf6 26. Qd2 Nf8 27. Bh3 Ne6
28. Bc5 Nxc5 29. Rxc5 Ra6 30. Rc1 Qf3 31. Be6+ Kh8 32. Bxd5 e3 33. Bxf3 exd2
34. Rc2 1-0

[Event "ODJM B 2014"]
[Site "Magdeburg GER"]
[Date "2014.06.08"]
[Round "1"]
[White "Friedrich, Robert"]
[Black "Kalina, Joshua"]
[Result "1-0"]
[Termination "normal"]
[Board "17"]
[WhiteElo "1397"]
[BlackElo "1090"]
[PlyCount "75"]
[WhiteFideId "1271541"]
[EventCountry "GER"]
[EventRounds "9"]
[EventType "swiss"]
[EventDate "2014.06.07"]

1. e4 e5 2. Nf3 Nc6 3. Bc4 Bc5 4. c3 Nf6 5. d3 O-O 6. O-O h6 7. Nbd2 d6 8. Re1
Ng4 9. Re2 Ne7 10. d4 exd4 11. cxd4 Bb6 12. h3 Nf6 13. Nf1 Re8 14. Ng3 Nc6 15.
Bf4 d5 16. exd5 Rxe2 17. Nxe2 Nxd5 18. Bg3 Be6 19. Rc1 Qd7 20. Bb5 Ndb4 21. a3
a6 22. Ne5 Qd5 23. Nxc6 Nxc6 24. Bxc6 bxc6 25. Be5 f6 26. Nf4 Qd7 27. Nxe6 Qxe6
28. Bg3 Rd8 29. Qa4 a5 30. Rxc6 Qe1+ 31. Kh2 Rxd4 32. Qb3+ Kh8 33. Re6 Qb1 34.
Re8+ Kh7 35. Qg8+ Kg6 36. Re7 Rd1 37. Qxg7+ Kf5 38. Qg4# 1-0

[Event "ODJM B 2014"]
[Site "Magdeburg GER"]
[Date "2014.06.08"]
[Round "1"]
[White "Maar, Felicitas"]
[Black "Rose, Luis Stratos"]
[Result "0-1"]
[Termination "normal"]
[Board "18"]
[WhiteElo "1087"]
[BlackElo "1392"]
[PlyCount "88"]
[WhiteFideId "12952648"]
[BlackFideId "12976008"]
[EventCountry "GER"]
[EventRounds "9"]
[EventType "swiss"]
[EventDate "2014.06.07"]

1. e4 g6 2. Nc3 Bg7 3. d4 d6 4. Nf3 Nf6 5. Be2 O-O 6. O-O Nbd7 7. Be3 e5 8. Qd2
Ng4 9. Bc4 Nxe3 10. Qxe3 exd4 11. Nxd4 Ne5 12. b3 Ng4 13. Qd2 Ne5 14. Be2 Bg4
15. Nf3 Bxf3 16. Bxf3 Nxf3+ 17. gxf3 Qf6 18. Nd5 Qxf3 19. Qf4 Qxf4 20. Nxf4
Bxa1 21. Rxa1 Rfe8 22. Nd5 Re5 23. Nxc7 Rg5+ 24. Kf1 Rc8 25. Nd5 Rxc2 26. h4
Re5 27. f4 Rxd5 28. exd5 Rh2 29. Kg1 Rc2 30. a4 Rc5 31. f5 gxf5 32. h5 Kg7 33.
Ra2 Rxd5 34. Kf1 f4 35. Rf2 Rf5 36. Rh2 Kh6 37. Rd2 d5 38. Ra2 Rxh5 39. Kg1 f3
40. a5 Rg5+ 41. Kf1 Rg2 42. Ra4 Kg5 43. Rd4 h5 44. Ke1 h4 0-1

[Event "ODJM B 2014"]
[Site "Magdeburg GER"]
[Date "2014.06.08"]
[Round "1"]
[White "Kornitzky, Tino"]
[Black "Hostmann, Hannes"]
[Result "0-1"]
[Termination "normal"]
[Board "19"]
[WhiteElo "1386"]
[BlackElo "1081"]
[PlyCount "68"]
[WhiteFideId "12970379"]
[BlackFideId "16277619"]
[EventCountry "GER"]
[EventRounds "9"]
[EventType "swiss"]
[EventDate "2014.06.07"]

1. d4 e6 2. c4 c5 3. e3 Nf6 4. Nc3 cxd4 5. exd4 Bb4 6. Nge2 Qa5 7. Qc2 d5 8. c5
Bd7 9. Bd2 Ne4 10. Nxe4 dxe4 11. Nc3 Bc6 12. Be2 Nd7 13. O-O Nf6 14. a3 Bxc3
15. Bxc3 Qc7 16. Qd2 O-O 17. Qg5 Nd5 18. Rac1 f6 19. Qg4 Qf7 20. f3 Ne3 21. Qh4
Nxf1 22. Rxf1 exf3 23. Bd3 f5 24. g4 Be4 25. Bc4 Qf6 26. g5 Qg6 27. Bb4 Rfd8
28. Bc3 Bd5 29. Bd3 h6 30. Bd2 Be4 31. Bc4 Rxd4 32. Bxe6+ Qxe6 33. gxh6 Qg6+
34. Bg5 gxh6 0-1

[Event "ODJM B 2014"]
[Site "Magdeburg GER"]
[Date "2014.06.08"]
[Round "1"]
[White "Schulze, Lukas"]
[Black "Giede, Anna-Blume"]
[Result "0-1"]
[Termination "normal"]
[Board "20"]
[WhiteElo "1243"]
[BlackElo "1457"]
[PlyCount "54"]
[WhiteFideId "12956856"]
[BlackFideId "12921980"]
[EventCountry "GER"]
[EventRounds "9"]
[EventType "swiss"]
[EventDate "2014.06.07"]

1. e4 c6 2. d4 d5 3. exd5 cxd5 4. c4 Nf6 5. Nc3 Nc6 6. Bg5 Qb6 7. cxd5 Nxd5 8.
Nxd5 Qa5+ 9. Nc3 Qxg5 10. Nf3 Qa5 11. Bb5 Bd7 12. d5 Ne5 13. Bxd7+ Nxd7 14. O-O
Qb6 15. Qa4 g6 16. Ne5 Qc7 17. Nb5 Qxe5 18. Rfe1 Qb8 19. Qd4 Rg8 20. d6 e6 21.
Nc7+ Kd8 22. Qf6+ Nxf6 23. Nxa8 Qxa8 24. Rac1 Bxd6 25. Red1 Ke7 26. f3 Rc8 27.
Rxc8 Qxc8 0-1

[Event "ODJM B 2014"]
[Site "Magdeburg GER"]
[Date "2014.06.08"]
[Round "1"]
[White "Bethke, Robert"]
[Black "Zimmer, Claudius"]
[Result "1-0"]
[Termination "normal"]
[Board "21"]
[WhiteElo "1545"]
[BlackElo "1081"]
[PlyCount "157"]
[WhiteFideId "12959251"]
[EventCountry "GER"]
[EventRounds "9"]
[EventType "swiss"]
[EventDate "2014.06.07"]

1. c4 e5 2. Nc3 Nf6 3. Nf3 Nc6 4. g3 d5 5. cxd5 Nxd5 6. Bg2 Be6 7. d3 Bb4 8.
Bd2 O-O 9. O-O f5 10. Nxd5 Bxd5 11. Nxe5 Nxe5 12. Bxb4 Bxg2 13. Kxg2 Re8 14.
Bc3 Ng4 15. h3 Qd5+ 16. Kg1 Nh6 17. e3 Rad8 18. d4 c5 19. dxc5 Qxc5 20. Qb3+
Qd5 21. Qxd5+ Rxd5 22. Rad1 Red8 23. Rd4 Rxd4 24. Bxd4 a6 25. Rc1 Rd7 26. Kg2
Kf7 27. Rc5 g6 28. Be5 Ke6 29. Rc7 Nf7 30. Rxd7 Kxd7 31. Bc3 Ng5 32. h4 Ne4 33.
Kf3 Ke6 34. Ke2 Kd5 35. Bd4 b5 36. Bc3 Kc4 37. Bd4 Kd5 38. Bc3 Kc4 39. Be5 Kd5
40. Bd4 Kc4 41. Kf3 Kd5 42. b3 Ke6 43. Kg2 Kd5 44. f3 Nd2 45. Kf2 Nb1 46. Bb2
b4 47. Ke2 Na3 48. Bxa3 bxa3 49. Kd3 a5 50. e4+ fxe4+ 51. fxe4+ Ke5 52. Ke3 h6
53. g4 g5 54. h5 Ke6 55. Kd4 Kd6 56. e5+ Ke6 57. Ke4 Ke7 58. Kf5 Kf7 59. e6+
Ke7 60. Ke5 Ke8 61. Kf6 a4 62. bxa4 Kd8 63. Kf7 Kc7 64. e7 Kc6 65. e8=Q+ Kc5
66. Qb5+ Kd4 67. Qc6 Ke5 68. Qd7 Kf4 69. Qe6 Kg3 70. Qxh6 Kxg4 71. Kf6 Kf4 72.
Qxg5+ Ke4 73. Qc5 Kd3 74. Ke5 Ke2 75. Qc3 Kf2 76. Kf4 Ke2 77. Qc2+ Ke1 78. Kf3
Kf1 79. Qf2# 1-0

[Event "ODJM B 2014"]
[Site "Magdeburg GER"]
[Date "2014.06.08"]
[Round "1"]
[White "Schneider, Edward"]
[Black "Breß, Aaron"]
[Result "1/2-1/2"]
[Termination "normal"]
[Board "22"]
[WhiteElo "1078"]
[BlackElo "1364"]
[PlyCount "130"]
[WhiteFideId "16200870"]
[BlackFideId "12996432"]
[EventCountry "GER"]
[EventRounds "9"]
[EventType "swiss"]
[EventDate "2014.06.07"]

1. e4 c6 2. d4 d5 3. exd5 cxd5 4. Nf3 Nc6 5. Bb5 Bg4 6. h3 Bxf3 7. Qxf3 e6 8.
O-O Nf6 9. Nc3 Be7 10. Re1 O-O 11. Be3 a6 12. Bxc6 bxc6 13. Qg3 Bd6 14. Qf3 Rb8
15. Rab1 Nd7 16. Qe2 a5 17. a3 Nb6 18. Bd2 Nc4 19. Na4 Qf6 20. c3 Rfc8 21. Red1
c5 22. Be3 cxd4 23. cxd4 Nxe3 24. Qxe3 Qf4 25. Qxf4 Bxf4 26. g3 Bd6 27. Rdc1 g6
28. Rxc8+ Rxc8 29. Nc3 Rb8 30. Kf1 Kf8 31. Ke2 Ke7 32. Ke3 h5 33. f4 f6 34. h4
a4 35. Kf3 Rb3 36. Kf2 Kd7 37. Ke2 Bxa3 38. Nxa4 Rb4 39. Nc5+ Kd6 40. Nd3 Rb6
41. b4 Ke7 42. Rb3 Ra6 43. b5 Ra8 44. b6 Bd6 45. b7 Rb8 46. Nc5 Bxc5 47. dxc5
Kd7 48. Rc3 Kc6 49. Re3 Rxb7 50. Rxe6+ Kxc5 51. Rxf6 Rg7 52. Kd3 d4 53. Re6 Ra7
54. Re5+ Kd6 55. Kxd4 Ra4+ 56. Ke3 Ra3+ 57. Kf2 Ra2+ 58. Re2 Rxe2+ 59. Kxe2 Ke6
60. Ke3 Kf6 61. Ke4 Ke6 62. Ke3 Kf6 63. Kf2 Ke6 64. Ke3 Kf6 65. Ke4 Ke6 1/2-1/2

[Event "ODJM B 2014"]
[Site "Magdeburg GER"]
[Date "2014.06.08"]
[Round "1"]
[White "Gutschenreiter, Donato"]
[Black "Reyher, Bastian"]
[Result "1-0"]
[Termination "normal"]
[Board "23"]
[WhiteElo "1362"]
[BlackElo "1059"]
[PlyCount "61"]
[WhiteFideId "12975540"]
[BlackFideId "12927465"]
[EventCountry "GER"]
[EventRounds "9"]
[EventType "swiss"]
[EventDate "2014.06.07"]

1. e4 e5 2. Nf3 Nc6 3. Bc4 Bc5 4. c3 Qe7 5. d3 Nh6 6. h3 d6 7. O-O O-O 8. Bg5
Qe8 9. Qd2 Ng4 10. hxg4 Bxg4 11. Nh4 Na5 12. Nf5 Nxc4 13. dxc4 Rd8 14. Bxd8 Qe6
15. Qg5 Qg6 16. Ne7+ Kh8 17. Nxg6+ fxg6 18. Be7 h6 19. Qxg4 h5 20. Qxg6 Rc8 21.
Qf7 b6 22. Bf8 Rxf8 23. Qxf8+ Kh7 24. b4 Bxb4 25. cxb4 a5 26. bxa5 bxa5 27. Re1
Kg6 28. Re3 h4 29. Rh3 Kg5 30. Qf5+ Kh6 31. Rxh4# 1-0